000 00809nam a2200229Ia 4500
003 0
005 20250122141937.0
008 150126s9999 xx 000 0 und d
050 _aPHS HQ 759
_b.H999 2014
100 _aHyun, Min Seung
245 _aAcademic performance of grade 11 students of SISC with working and non-working mothers /
_cMin Seung Hyun.
260 _aLas PiƱas City, Philippines :
_bSouthville International School and Colleges,
_c2014.
300 _a34 pages :
_billustration ;
_c28 cm.
504 _aIncludes bibliographical references.
650 _aAcademic performance.
650 _aAcademic achievement.
650 _aWorking mothers.
650 _aNon-working mothers.
650 _aParent-child relationship.
650 _aEducation
_2Social aspects.
942 _2lcc
_cPASS
999 _c278716
_d278716